000 00302nam a22001337a 4500
008 170823b xxu||||| |||| 00| 0 eng d
020 _a9780471504016
041 _aeng
080 _a51
100 _a38
101 _aMAT
245 _aTOPICS IN COMPLEX FUNCTION THEORY
_cSIEGEL,C.L
942 _2udc
_cBK
999 _c24644
_d24644